| 000 | 01003cam a2200253 a 4500 | ||
|---|---|---|---|
| 001 | 000006505 | ||
| 005 | 20200929153937.0 | ||
| 008 | 960318s1995 ck b 000 0 spa d | ||
| 020 | _a9589412092 | ||
| 040 |
_aDO-SdBNP _bspa _cLC _dBNPHU |
||
| 082 |
_a986.105 _bS232c |
||
| 245 | 0 | 0 |
_aSantander y las comunicaciones en Colombia y la Nueva Granada 1821-1837 / _ccompilador Luis Horacio López Domínguez. |
| 260 |
_aSantafé de Bogotá : _bSociedad Santanderista de Colombia, _c1995. |
||
| 300 |
_axxiii, 446 p. ; _c24 cm. |
||
| 651 | 4 |
_aColombia _xHistoria _y1821-1837 _918038 |
|
| 600 | 1 | 4 |
_aSANTANDER, FRANCISCO DE PAULA, _d1792-1840 _918039 |
| 650 | 4 |
_aCorreo _zColombia _y1821-1837 _918040 |
|
| 650 | 4 |
_aComunicaciones _zColombia _y1821-1837 _918041 |
|
| 650 | 4 |
_aColombia _xComercio exterior _xHistoria _918042 |
|
| 700 | 1 |
_aLópez D., Luis Horacio _q(López Domínguez) _918043 |
|
| 710 | 1 |
_aColombia. _bMinisterio de Educacion Nacional. _918044 |
|
| 910 | _aCatalogación por copia / LC | ||
| 049 | _aBNGR | ||
| 999 |
_c6296 _d6296 |
||